[Event "London Classic op 10th"]
[Site "London"]
[Date "2018.12.14"]
[Round "6"]
[White "Newbry, Benjamin J"]
[Black "Hizarci, Bora"]
[Result "1-0"]
[WhiteElo "1875"]
[BlackElo "1453"]
[PlyCount "53"]
[EventDate "2018.12.09"]
[EventType "swiss"]
[EventRounds "9"]
[EventCountry "ENG"]
[SourceTitle "CBM 187 Extra"]
[Source "ChessBase"]
[SourceDate "2018.11.04"]
[SourceVersion "1"]
[SourceVersionDate "2018.11.04"]
[SourceQuality "1"]

1. f4 d5 2. Nf3 g6 3. g3 Bg7 4. Bg2 Nh6 5. c3 0-0 6. 0-0 Nd7 7. d3 Nf6 8. Ne5 Nhg4 9. Na3 Nxe5 10. fxe5 Ne8 11. d4 c6 12. e4 Nc7 13. Bg5 f6 14. exf6 exf6 15. Bf4 dxe4 16. Qb3+ Kh8 17. Bxe4 f5 18. Bg2 Ne6 19. Be3 Re8 20. Nc4 Ng5 21. Ne5 Bxe5 22. dxe5 Ne6 23. Rad1 Qc7 24. Rd6 Bd7 25. Rfd1 Rad8 26. Bxa7 f4 27. Bb6 1-0

[Event "BCF-chT4S 1718 (4NCL)"]
[Site "England"]
[Date "2017.11.11"]
[Round "1.14"]
[White "Hizarci, Bora"]
[Black "Szymanski, Mark"]
[Result "0-1"]
[WhiteElo "1512"]
[BlackElo "1915"]
[PlyCount "86"]
[EventDate "2017.11.11"]
[EventType "team-swiss"]
[EventRounds "11"]
[EventCountry "ENG"]
[SourceTitle "EXT 2020"]
[Source "ChessBase"]
[SourceDate "2019.10.17"]
[SourceVersion "1"]
[SourceVersionDate "2019.10.17"]
[SourceQuality "1"]
[WhiteTeam "Cambridge University III"]
[BlackTeam "Iceni"]
[WhiteTeamCountry "ENG"]
[BlackTeamCountry "ENG"]

1. d4 d5 2. Bf4 Nf6 3. e3 c5 4. c3 Nc6 5. Bd3 Qb6 6. Qb3 c4 7. Qxb6 axb6 8. Bc2 e6 9. h3 b5 10. Nd2 b4 11. Ne2 b3 12. Bb1 Be7 13. 0-0 b5 14. Bh2 Bb7 15. f4 0-0 16. f5 b4 17. fxe6 fxe6 18. Bf4 Ra7 19. Bg5 Rfa8 20. Bxf6 gxf6 21. e4 bxa2 22. Bc2 b3 23. Bd1 Rf8 24. exd5 exd5 25. Nf4 Nd8 26. Bf3 Ra5 27. Rfe1 Bd6 28. Ne6 Nxe6 29. Rxe6 Bf4 30. Re2 Bc8 31. Kf2 Bd7 32. g4 Re8 33. Bg2 Rxe2+ 34. Kxe2 Be8 35. Kd1 Bg6 36. Nf3 Kf7 37. Ne1 Ke6 38. Bf3 Kd6 39. Be2 Ra7 40. Ng2 Bh6 41. Bf3 Re7 42. Be2 Bc2+ 43. Ke1 Bd3 0-1